រុក្ខជាតិចង្រៃនៃដំណាំចំការក្នុងប្រទេសកម្ពុជា (Record no. 9902)
[ view plain ]
| 000 -LEADER | |
|---|---|
| fixed length control field | 00368nam a22001097a 4500 |
| 040 ## - CATALOGING SOURCE | |
| Transcribing agency | SY |
| 082 ## - DEWEY DECIMAL CLASSIFICATION NUMBER | |
| Classification number | 632 |
| 100 ## - MAIN ENTRY--AUTHOR NAME | |
| Personal name | ROBERT MARTIN; រ៉ូប៊ឺត ម៉ាទីន |
| 245 ## - TITLE STATEMENT | |
| Title | រុក្ខជាតិចង្រៃនៃដំណាំចំការក្នុងប្រទេសកម្ពុជា |
| 260 ## - PUBLICATION, DISTRIBUTION, ETC. (IMPRINT) | |
| Place of publication | ACIAR |
| Name of publisher | ROB |
| Year of publication | 1968 |
| 942 ## - ADDED ENTRY ELEMENTS (KOHA) | |
| Koha item type | សៀវភៅភាសាខ្មែរ |
| 952 ## - LOCATION AND ITEM INFORMATION (KOHA) | |
| Withdrawn status [LOCAL, KOHA] | 0 |
| Permanent Location | Date acquired | Koha item type | Lost status | Shelving location | Barcode | Current Location | Full call number |
|---|---|---|---|---|---|---|---|
| Library Block C | 2016-09-15 | សៀវភៅភាសាខ្មែរ | C241 | RUA44253 | Library Block C | 632 ROB 1968 C241 |